| 000 | 01421cam a22003855a 4500 | ||
|---|---|---|---|
| 999 |
_c26976 _d26948 |
||
| 001 | 17110659 | ||
| 005 | 20181112160946.0 | ||
| 008 | 120109t2012 enka frb 001 0 eng d | ||
| 010 | _a 2012930569 | ||
| 016 | 7 |
_a016054024 _2Uk |
|
| 020 | _a9781849801003 (hbk. : alk. paper) | ||
| 020 | _a1849801002 (hbk. : alk. paper) | ||
| 035 | _a(OCoLC)ocn779455076 | ||
| 040 |
_aYDXCP _beng _cYDXCP _dBTCTA _dUKMGB _dBWK _dCDX _dGUL _dDLC _dEG-ScBUE |
||
| 042 | _alccopycat | ||
| 043 | _ae------ | ||
| 082 | 0 | 4 |
_a341.2422 _bRES _222 |
| 245 | 0 | 0 |
_aResearch handbook on the economics of European Union law / _cedited by Thomas Eger, Hans-Bernd Schäfer. |
| 246 | 3 | 0 | _aEconomics of European Union law |
| 260 |
_aCheltenham, UK ; _aNorthampton, MA : _bEdward Elgar, _cc.2012. |
||
| 300 |
_aviii, 427 p. : _bill. ; _c25 cm. |
||
| 490 | 0 | _aResearch handbooks in law and economics | |
| 504 | _aIncludes bibliographical references and index. | ||
| 650 | 7 |
_aLaw _xEconomic aspects _zEuropean Union countries. _2BUEsh |
|
| 650 | 7 |
_aEconomics _xResearch _zEuropean Union countries. _2BUEsh |
|
| 651 | _2BUEsh | ||
| 653 |
_bLLAAWW _cNovember2018 |
||
| 655 | _vReading book | ||
| 700 | 1 |
_aEger, Thomas, _d1949- _eeditor. |
|
| 700 | 1 |
_aSchäfer, Hans-Bernd, _eeditor. |
|
| 906 |
_a7 _bcbc _ccopycat _d2 _eepcn _f20 _gy-gencatlg |
||
| 942 | _2ddc | ||